Southville International School and Colleges
Your cart is empty.
  • Cart
  • Lists
    Public lists Eva Luna New books Lux_list list_1
    Your lists Log in to create your own lists
  • Log in to your account
  • Your cookies
  • Search history
Southville International School and Colleges
  • Advanced search
  • Recent comments
  • Most popular
  • Libraries

Log in to your account

Log in with GOOGLE


If you do not have an external account, but do have a local account, you can still log in:

  1. Home
  2. MARC view: The Christmas treasure, bk. 5 /
Normal view MARC view ISBD view

The Christmas treasure, bk. 5 / (Record no. 104095)

[ view plain ]
MARC details
000 -LEADER
fixed length control field 00488nam a2200169 a 4500
005 - DATE AND TIME OF LATEST TRANSACTION
control field 20140412111313.0
008 - FIXED-LENGTH DATA ELEMENTS--GENERAL INFORMATION
fixed length control field 020410s19uu xx 00 eng d
050 ## - LIBRARY OF CONGRESS CALL NUMBER
Classification number BB
Item number Ch34 1992 5
100 ## - MAIN ENTRY--PERSONAL NAME
Personal name Brierley, Jane
245 ## - TITLE STATEMENT
Title The Christmas treasure, bk. 5 /
Statement of responsibility, etc Text Jane Brierley.
260 ## - PUBLICATION, DISTRIBUTION, ETC. (IMPRINT)
Place of publication, distribution, etc Montreal, Canada :
Name of publisher, distributor, etc Tormont Publications Inc,
Date of publication, distribution, etc 1992.
300 ## - PHYSICAL DESCRIPTION
Extent 16, p. ; ill.
500 ## - GENERAL NOTE
General note Title: Holiday Crafts and Fun
650 ## - SUBJECT ADDED ENTRY--TOPICAL TERM
Topical term or geographic name as entry element Christmas
650 ## - SUBJECT ADDED ENTRY--TOPICAL TERM
Topical term or geographic name as entry element Crafts
Holdings
Withdrawn status Lost status Damaged status Use restrictions Home library Current library Shelving location Date acquired Source of acquisition Total Checkouts Full call number Barcode Date last seen Price effective from Koha item type
        Elizalde Library Elizalde Library Big Books Section 04/10/2002     BB Ch34 1992 5 E6429 04/12/2014 04/12/2014 Books

The Christmas treasure, bk. 5 /

APA

Brierley J., . (1992). The Christmas treasure, bk. 5. Montreal, Canada: Tormont Publications Inc.

Chicago

Brierley Jane, . 1992. The Christmas treasure, bk. 5. Montreal, Canada: Tormont Publications Inc.

Harvard

Brierley J., . (1992). The Christmas treasure, bk. 5. Montreal, Canada: Tormont Publications Inc.

MLA

Brierley Jane, . The Christmas treasure, bk. 5. Montreal, Canada: Tormont Publications Inc. 1992.

  • Place hold
  • Print
  • Cite
  • Add to your cart (remove)
  • Save record
    BIBTEX Dublin Core MARCXML MARC (non-Unicode/MARC-8) MARC (Unicode/UTF-8) MARC (Unicode/UTF-8, Standard) MODS (XML) RIS
  • More searches
    Search for this title in:
    Other Libraries (WorldCat) Other Databases (Google Scholar) Online Stores (Bookfinder.com) Open Library (openlibrary.org)

Exporting to Dublin Core...

SOUTHVILLE LIBRARY

Southville International School and Colleges Library

1281 Tropical Ave. Cor. Luxembourg St., BF Homes International, Las Pinas City

Tel. No. 8256374 / 252358 Loc. 117/146

Powered by Koha